| 000 | 00389nam a2200133Ia 4500 | ||
|---|---|---|---|
| 008 | 220217s9999||||xx |||||||||||||| ||und|| | ||
| 020 | _a81-297-0026-3 | ||
| 082 | _a004 BRY | ||
| 100 |
_aBryant, Randal, E Hallaron, David, O _93368 |
||
| 245 | 0 | _aComputer systems: A programers perspective | |
| 260 |
_aPearson education _bDelhi _c2003 |
||
| 300 | _b375 | ||
| 650 | _aCOMPUTER SCIENCE | ||
| 999 |
_c171511 _d171511 |
||